Cacabox - Connaissez vous tous les membres de la Cacabox ? - Statistiques

Statistiques générales
  • Ce quiz a été pris 417 fois
  • Le résultat moyen est 15 sur 41
Statistiques - réponses
Cacabox Membre % Correct
Membre Actuel Potatoz
95%
Membre Actuel Terracid
94%
Membre Actuel Grimkujow
86%
Membre Actuel Hugo Délire
82%
Membre Actuel Théorus
80%
Membre Actuel Jean
76%
Ancien Membre Maxime Biaggi
74%
Ancien Membre Snaptrox
70%
Membre Actuel Superconeri
54%
Membre Actuel Remeli
48%
Membre Actuel Ecrisio
47%
Membre Actuel Tibro
46%
Ancien Membre Flygoow
43%
Membre Actuel Madroz
43%
Ancien Membre LeoPaulVevo
41%
Membre Actuel Deo Toons
40%
Membre Actuel Mouette Volante
40%
Ancien Membre Laupok
31%
Membre Actuel Kerib
30%
Ancien Membre Leffy
29%
Membre Actuel Skass
29%
Ancien Membre Hayzzer
28%
Ancien Membre Redus
28%
Ancien Membre Bezigue
27%
Ancien Membre Mastu
26%
Membre Actuel Happy
22%
Membre Actuel Dagobert
21%
Membre Actuel WeshDiego
21%
Ancien Membre Arkunir
20%
Membre Actuel Gabin
19%
Ancien Membre Quentool
19%
Membre Actuel Locaro
18%
Ancien Membre CyrilMP4
16%
Ancien Membre KingChris
16%
Ancien Membre Adhoc
15%
Ancien Membre Chap
10%
Ancien Membre Takumi
9%
Ancien Membre Ayako
6%
Ancien Membre Nazlock
6%
Ancien Membre Azelios
5%
Ancien Membre Meltamaoe
5%
Aucun quiz correspondant
Distribution des résultats
% des personnes avec chaque résultat
Percentile par nombre de réponses
Votre historique - résultats
Vous n’avez pas pris ce quiz